Регионална библиотека "Любен Каравелов" - Русе

Хората на Путин (Запис номер 472104)

MARC детайли
000 -Лидер
Контролно поле с фиксирана дължина 01356nam a2200301 a 4500
003 - Код на организацията, давaща контролен номер
Контролно поле BLK
005 - Дата и час на последна редакция
Контролно поле 20240930162500.0
008 - Елементи от данни с фиксирана дължина
fixed length control field 200629b bu ||||| |||| 00| 0 bu d
020 ## - Международен стандартен номер на книга ISBN
Международен стандартен номер на книга ISBN 9789542839248
040 ## - Източник на каталожния запис
Идентификатор на билиотеката - собственик на записа BLK
041 ## - Код за език
Код за езика на текст/звукозапис или на отделно заглавие Български
Код за езика КДБФ Български
080 ## - УДК
Текстов определител УДК Политика
УДК код - определител по УДК 32
УДК определител (470)
УДК - код + определител 32(470)
100 ## - Редна дума - Автор
Автор Белтън, Катрин
Авторска отговорност първи автор
R(LIN) 480123
139 ## - Редно поле
Редна дума Белтън, Катрин
Авторски знак Белк - Б 35
245 ## - Сведения за заглавието
Заглавие Хората на Путин
Подзаглавни данни Как КГБ си върна Русия и след това се изправи срещу запада
Редно поле (дума) Катрин Белтън; прев. от англ. Васил Сотиров, Любомир Мартинов.
257 ## - Страна на издаване
Страна на създаване/издаване България
260 ## - Област на издателските данни
9 (RLIN) 217021
Място на издаване, разпространение и проч. София
Име на издателя, разпространителя и проч. Сиела Норма
Година на издаване 2022
Издателство - префикс ISBN 978-954-28-
300 ## - Физическа характеристика
Страници 703 с.
Размери/Мащаб 23 см
380 ## - Жанр
Жанр Обществени науки
490 ## - СЕРИИ (Колекции)
9 (RLIN) 209360
Име на серия Поредица Власт и отговорност
500 ## - Общи забележки
Забележка Ориг. загл. Putin's People: How the KGB Took Back Russia and Then Took On the West / Catherine Belton
650 #0 - Допълнително описание по предмет – тема
9 (RLIN) 308079
Основно описание – тема или топоним Политика - Русия
651 #7 - Допълнително описание по предмет - топоним
9 (RLIN) 179465
Географско понятие Русия
700 ## - Други автори (авторска отговорност)
9 (RLIN) 1021
Лично име Сотиров, Васил
Автороска отговорност (Описва отношението между автора и произведението) прев. от англ.
700 ## - Други автори (авторска отговорност)
Лично име Мартинов, Любомир, 1990-
Пълна форма на името Любомиров, Любомир Мартинов
9 (RLIN) 350686
999 ## - СИСТЕМНИ КОНТРОЛНИ НОМЕРА
Koha biblionumber 472104
Koha biblioitemnumber 472104
942 ## - АРТИКУЛИ
Вид на библиотечния материал Книги
Скрит в OPAC Не
Периодичен библиозапис Да
Koha issues (borrowed), all copies 13
944 ## - СЪЗДАВАНЕ И РЕДАКЦИЯ на ЗАПИСА
Служител, извършил регистрацията/редакцията 30531
Статус, дата на статуса Цветелина Шанова
Наличности
Код за отписване Код за изгубен артикул Източник на класификационната схема Код за повреда Коз за рестрикции Код за отдаване Артикулен № Име на библиотеката - собственик Име на библиотеката, в която се намира в момента Статус (Текущо местоположение) Дата на вписване в системата Местоположение - отдел Цена в лева Систематично азбучна сигнатура Баркод Цена в евро Служебен тип на артикула
  Не е изгубен Universal Decimal Classification Не е повреден без рестрикции заемане за дома 902673 Регионална библиотека "Любен Каравелов" Русе Регионална библиотека "Любен Каравелов" Русе Заемна - подръчен фонд 2022-09-01 Заемна - подръчен фонд 32.90 328/Б 35 К 120000875382 16.82 Книги
Vip Innovations Ltd, Rousse, Bulgaria 2025